Archivo Municipal de Ladrillar
ISBN:
978-84-9852-131-3
Publicado:
Extremadura :
Junta de Extremadura. Consejería de Cultura y Turismo. Dirección General de Patrimonio Cultural ; Cáceres : Diputación de Cáceres ,
2008
Descripción Física:
123 p. ; 21 cm
Colección:
Archivos municipales de Extremadura ; 12
MARC
| LEADER | 00000nam a2200000Ia 4500 | ||
|---|---|---|---|
| 001 | 21278 | ||
| 003 | BGR | ||
| 005 | 20260324175757.0 | ||
| 008 | 160829s2008 xx 000 0 cat d | ||
| 020 | |a 978-84-9852-131-3 | ||
| 080 | |a A-2-348 | ||
| 245 | |a Archivo Municipal de Ladrillar | ||
| 260 | |a Extremadura : |b Junta de Extremadura. Consejería de Cultura y Turismo. Dirección General de Patrimonio Cultural ; Cáceres : |b Diputación de Cáceres, |c 2008 | ||
| 300 | |a 123 p. ; |c 21 cm | ||
| 490 | |a Archivos municipales de Extremadura ; 12 | ||
| 650 | |a Archivo Municipal de Ladrillar |x Catàlegs |9 40883 | ||
| 710 | 1 | |a Extremadura. |b Dirección General de Patrimonio Cultural |9 54118 | |
| 710 | 1 | |a Càceres (Extremadura : Província). |b Diputación |9 54506 | |
| 710 | 1 | |a Archivo Municipal de Ladrillar |9 70504 | |
| 901 | |a Arxiu | ||
| 942 | |n 1 |2 udc |c MON | ||
| 952 | |0 0 |1 0 |4 0 |6 A2348 |7 1 |9 49943 |a Arxiu |b Arxiu |d 2016-12-01 |l 0 |o A-2-348 |p 21278 |r 2016-12-01 00:00:00 |w 2016-12-01 |y ARXIU | ||
| 999 | |c 53785 |d 53785 | ||